000 00574nam a2200193Ia 4500
008 151119s9999||||xx |||||||||||||| ||und||
082 _a891.462
082 _bGKKV5063
100 _aबेडेकर विश्राम
245 _aवाजे पाउल आपले
260 _a--
260 _b--
260 _c0
600 _aबेडेकर विश्राम
630 _aवाजे पाउल आपले
700 _aबेडेकर विश्राम
730 _aवाजे पाउल आपले
942 _cBOOK
999 _c1060180
_d1060177